| 000 | 00539 a2200169 4500 | ||
|---|---|---|---|
| 020 | _a0697391817 (paperback) | ||
| 020 | _a9780697391810 (paperback) | ||
| 090 |
_c4083 _d4083 |
||
| 100 | 1 | _aMaidment. | |
| 245 | 1 | 0 |
_aManagement 98/99 / _cMaidment, Fred H. Maidment. |
| 260 |
_a[S.l.] : _bMcGraw Hill Higher Education, _c1998. |
||
| 300 |
_a240 p. ; _c28 cm. |
||
| 500 | _aImport. | ||
| 700 | 1 | _aMaidment, Fred H. | |
| 856 | 4 | 0 |
_3Amazon.com _uhttp://www.amazon.com/exec/obidos/ASIN/0697391817/chopaconline-20 |
| 942 |
_aNBS _cBK _k658.05 MAI |
||
| 999 |
_c346539 _d346539 |
||